MARC details
| 000 -CABECERA |
| campo de control de longitud fija |
01770nam a2200361 a 4500 |
| 001 - NÚMERO DE CONTROL |
| campo de control |
991044396329706706 |
| 003 - IDENTIFICADOR DEL NÚMERO DE CONTROL |
| campo de control |
ES-BaIT |
| 005 - FECHA Y HORA DE LA ÚLTIMA TRANSACCIÓN |
| campo de control |
20260407121031.0 |
| 008 - DATOS DE LONGITUD FIJA--INFORMACIÓN GENERAL |
| campo de control de longitud fija |
000831s1920 spc|||||| 000 ||cat |
| 035 ## - NÚMERO DE CONTROL DEL SISTEMA |
| Número de control de sistema |
(ES-BaCBU).b52995045 |
| 040 ## - FUENTE DE LA CATALOGACIÓN |
| Centro catalogador/agencia de origen |
ES-BaBC |
| Lengua de catalogación |
cat |
| Centro/agencia transcriptor |
ES-BaBC |
| 080 ## - NÚMERO DE LA CLASIFICACIÓN DECIMAL UNIVERSAL |
| Número de la Clasificación Decimal Universal |
849.9-2"18" |
| 080 ## - NÚMERO DE LA CLASIFICACIÓN DECIMAL UNIVERSAL |
| Número de la Clasificación Decimal Universal |
849.9-1"18" |
| 100 1# - ENTRADA PRINCIPAL--NOMBRE DE PERSONA |
| Nombre de persona |
Camprodón, Francisco, |
| Fechas asociadas al nombre |
1816-1870. |
| 9 (RLIN) |
66650 |
| 240 1# - TÍTULO UNIFORME |
| Título uniforme |
Seleccions |
| 9 (RLIN) |
84575 |
| 245 10 - MENCIÓN DE TÍTULO |
| Título |
Obres catalanes : |
| Resto del título |
poesíes y comedies / |
| Mención de responsabilidad, etc. |
Francisco Camprodon |
| 246 3# - FORMA VARIANTE DE TÍTULO |
| Título propio/Titulo breve |
Obres catalanes de F. Camprodon |
| 260 ## - PUBLICACIÓN, DISTRIBUCIÓN, ETC. |
| Lugar de publicación, distribución, etc. |
Barcelona : |
| Nombre del editor, distribuidor, etc. |
Ilustració Catalana, |
| Fecha de publicación, distribución, etc. |
[1920] |
| 300 ## - DESCRIPCIÓN FÍSICA |
| Extensión |
282 p. ; |
| Dimensiones |
18 cm |
| 500 ## - NOTA GENERAL |
| Nota general |
Títol a la portadella: Obres catalanes de F. Camprodon |
| 500 ## - NOTA GENERAL |
| Nota general |
Data de publicació obtinguda de Palau |
| 505 8# - NOTA DE CONTENIDO CON FORMATO |
| Nota de contenido con formato |
Conté: Poesies ; La Teta gallinayre : quadro de costums catalanes en un acte y en vers [P6: D1, H5] ; La tornada del Titó : peça en un acte, original, en vers [P5: D2, H3] ; Marina : sarsuela en dos actes, en vers castellà, ab música d'Emili Arrieta, versada lliurement al català per Joseph M. Camprodon |
| 593 ## - Camps col·lecció exemplar |
| Signatura topogràfica i/o núm. de registre |
12286-N. |
| Notes |
Exemplar intons. |
| Història de l’exemplar. Procedència |
Compra Llibreria Millà. Topogràfic: C. Millà C 30-1139 |
| Nom de la col·lecció especial |
Llibreria Millà |
| 593 ## - Camps col·lecció exemplar |
| Signatura topogràfica i/o núm. de registre |
23977. |
| Notes |
Relligat en mitja pell, en vermell, sense les cobertes originals i guillotinat. Títol al llom "Obres catalanes. 23977 23979. A. S." |
| Nom de la col·lecció especial |
Artur Sedó |
| 650 #7 - PUNTO DE ACCESO ADICIONAL DE MATERIA--TÉRMINO DE MATERIA |
| Término de materia o nombre geográfico como elemento de entrada |
Sarsueles |
| Subdivisión de forma |
Llibrets |
| 9 (RLIN) |
67723 |
| Fuente del encabezamiento o término |
lemac |
| 700 #2 - ENTRADA AGREGADA--NOMBRE PERSONAL |
| Nombre de persona |
Camprodón, Francisco, |
| Fechas asociadas al nombre |
1816-1870. |
| Título de la obra |
Teta gallinaire |
| 9 (RLIN) |
69359 |
| 700 12 - ENTRADA AGREGADA--NOMBRE PERSONAL |
| Nombre de persona |
Camprodón, Francisco, |
| Fechas asociadas al nombre |
1816-1870. |
| Título de la obra |
Tornada del Titó |
| 9 (RLIN) |
169204 |
| 700 12 - ENTRADA AGREGADA--NOMBRE PERSONAL |
| Nombre de persona |
Camprodón, Francisco, |
| Fechas asociadas al nombre |
1816-1870. |
| Título de la obra |
Marina. |
| 9 (RLIN) |
169205 |
| Lenguaje de la obra |
Català |
| 902 ## - ELEMENTOS DE DATOS B LOCAL, LDB (RLIN) |
| a |
Patrimoni |
| 908 ## - COLOCAR PARÁMETRO DE COMANDO (RLIN) |
| Colocar parámetro de comando |
BC |
| -- |
UVic-UCC |
| -- |
ANC |
| -- |
UPF |
| -- |
CDMAE |
| 940 ## - EQUIVALENCIA O REFERENCIA-CRUZADA--TÍTULO UNIFORME [OBSOLETO] [solamente CAN/MARC] |
| Título uniforme |
<a href="BC">BC</a> |
| 942 ## - ELEMENTOS DE ENTRADA AGREGADA (KOHA) |
| Fuente del sistema de clasificación o colocación |
Clasificación decimal universal |
| Tipo de ítem Koha |
Llibre |